LEADER 01538nam a2200301 u 4500 001 000000080443 003 CaOOAMICUS 005 20070226123640.0 008 041109s2003 nyu u000 u fre u 020 $a0965161358 035 $a11014509 040 $aPUL$bita 100 1 $aDupuy, André.$0(OLS)http://pul/name/27665 245 14$aUne parole qui compte :$ble Saint-Siège au coeur de la diplomatie multilatérale, recueil de textes (1970-2000) /$cAndré Dupuy ; préface du Cardinal Angelo Sodano ; présentation de Mgr Renato R. Martino. 260 $aNew York City :$bThe Path to Peace Foundation,$c2003. 300 $a722 p. ;$c25 cm. +$ecd-rom 500 $aInclude indice. 610 14$aSanta Sede$xRelazioni diplomatiche.$0(OLS)http://pul/subject/11607 700 1 $aMartino, Renato Raffaele,$ccard.,$d1932-$0(OLS)http://pul/name/53621 700 1 $aSodano, Angelo,$ccardinale,$d1927-2022.$0(OLS)http://pul/name/8634 850 $aPUL 852 $aPUL$W1$xSL Diritto e Scienze Sociali 3$y79$m327. 456 DUPAN 1$j102729$nBK-PRI$qDDC 21$B102729$CPULBib$Z2$F102729 $H95912 $82 941 1 $a9 960 $aDiplomazia pontificia$911607 960 $aDiplomazia pontificia$911607 996 $6020$a0965161358$9(OLS)http://pul/number/106395 996 $6245$aUne parole qui compte :$ble Saint-Siège au coeur de la diplomatie multilatérale, recueil de textes (1970-2000)$9(OLS)http://pul/title/105352 996 $6260$aNew York City :$bThe Path to Peace Foundation$9(OLS)http://pul/publisher/75830 LEADER 01352nam a2200313 a 4500 001 000000147752 003 CaOOAMICUS 005 20151127115821.0 008 151127s1986 fr u000 u fre r 020 $a2-228-22370-0* 032 $aLibriCat 040 $aPUL$bita 100 1 $aDejours, Christophe.$0(OLS)http://pul/name/91679 245 13$aLe corps entre biologie et psychanalyse : $bessai d'intrerprétation comparée /$cChristophe Dejours ; préface de François Dagognet. 260 $aParis :$bPayot,$c1986. 300 $a270 p. ;$c23 cm. 490 1 $aScience de l'homme 504 $aBibliografia p. [253]-267. 650 4$aPsicanalisi$xStudi.$0(OLS)http://pul/subject/12450 650 4$aBiologia$xStudi.$0(OLS)http://pul/subject/22207 700 1 $aDagognet, François.$0(OLS)http://pul/name/94408 830 0$aScience de l'homme.$0(OLS)http://pul/title/186444 850 $aPUL 852 $aPUL$W1$xDP1 Fondo Bordoni$y120$m2 B 52$j115545$qFondi$B171552$CPULBib$Z2$F171552 $HBor1999 $81 941 1 $a1 996 $6020$a2-228-22370-0*$9(OLS)http://pul/number/159063 996 $6245$aLe corps entre biologie et psychanalyse : $bessai d'intrerprétation comparée$9(OLS)http://pul/title/186443 996 $6260$aParis :$bPayot$9(OLS)http://pul/publisher/48230